Vertical distribution and phylogenetic characterization of marine planktonic Archaea in the Santa Barbara Channel /
Gespeichert in:
| Weitere Verfasser: | , , , |
|---|---|
| Format: | Artikel |
| Sprache: | English |
| Schlagworte: | |
| Tags: |
Tag hinzufügen
Keine Tags, Fügen Sie den ersten Tag hinzu!
|
| Thư viện lưu trữ: | Thư viện Trường Đại học Đà Lạt |
|---|
| LEADER | 01086nam a2200361 4500 | ||
|---|---|---|---|
| 001 | DLU090095907 | ||
| 005 | ##20091201 | ||
| 040 | # | # | |a DLU |b eng |
| 041 | # | # | |a eng |
| 044 | # | # | |a us |
| 245 | # | # | |a Vertical distribution and phylogenetic characterization of marine planktonic Archaea in the Santa Barbara Channel / |c R. Massana ... [et al.]. |
| 653 | # | # | |a Archaeobacteria |
| 653 | # | # | |a Bacteria |
| 653 | # | # | |a Coastal environment |
| 653 | # | # | |a Marine environment |
| 653 | # | # | |a Molecular hybridization |
| 653 | # | # | |a Phylogeny |
| 653 | # | # | |a Ribosomal DNA |
| 653 | # | # | |a Ribosomal RNA |
| 700 | # | # | |a DeLong, E. F. |
| 700 | # | # | |a Massana, R. |
| 700 | # | # | |a Murray, A. E. |
| 700 | # | # | |a Preston, C. M. |
| 773 | # | # | |t Applied and Environmental Microbiology |g Vol. 63, no. 1 (January 1997), p. 50-56 |
| 920 | # | # | |a Phòng Tạp chí -- Trung tâm Thông tin - Thư viện Trường Đại học Đà Lạt |
| 994 | # | # | |a DLU |
| 900 | # | # | |a True |
| 911 | # | # | |a Trương Bảo Trâm Anh |
| 925 | # | # | |a G |
| 926 | # | # | |a A |
| 927 | # | # | |a BB |
| 980 | # | # | |a Thư viện Trường Đại học Đà Lạt |